000 00403nam a22001697a 4500
999 _c5061
_d5059
005 20210908130801.0
008 160701b xxu||||| |||| 00| 0 eng d
020 _a818399-173-8
041 _aeng
082 _b20352
100 _achandra subash
_93385
245 _aIntroduction to agricultural social science
260 _bNew vishal
300 _a776
650 _aAgriculture
_92837
942 _cBK